000 01353nam a2200385 i 4500
001 14841
003 KOSZ 005
005 20200330125704.0
008 070624s1972 pl a f 000 0 pol
015 _aPB 1972/10034
035 _a991034624399705066
035 _a(PL-WaBN)b19320759-48omnis_nlop
035 _ab19320759
035 _a(OCoLC)838875751
035 _a(PL)b0000001932075
035 _a(EXLNZ-48OMNIS_NETWORK)9910264585405606
040 _aWA N
_cWA N
_dKOSZ 005/KK
080 _a651
100 1 _aJarzębowski, Witold.
_eAutor
245 1 0 _aNowoczesne biuro :
_borganizacja i technika /
_cWitold Jarzębowski.
260 _aWarszawa :
_bPaństwowe Wydawnictwo Ekonomiczne,
_c1972.
300 _a559, [1] srona, [4] strony tablic :
_bilustracje ;
_c23 cm.
336 _2rdacontent
_aTekst
_btxt
337 _2rdamedia
_aBez urządzenia posredniczącego
_bn
338 _2rdacarrier
_aWolumin
_bnc
380 _aKsiążki
388 _a1901-2000
504 _aBibliografia na stronach 559-[560].
650 7 _aBiurowość
_xorganizacja.
_2DBN
658 _aSocjologia i społeczeństwo
710 2 _aPaństwowe Wydawnictwo Ekonomiczne
_4pbl
856 _uhttp://koha.tu.koszalin.pl/cgi-bin/koha/opac-detail.pl?biblionumber=14841
_yKatalog online BPK
942 _2UKD
_cKS
999 _c14841
_d14841